[Event "IECG CP.2002.P.00038 email"]
[Site "IECG email"]
[Date "2002.10.01"]
[Round "?"]
[White "Howard, Paul G"]
[Black "Igoe, Jim"]
[Result "1-0"]
[WhiteElo "1700"]
[BlackElo "800"]
[PlyCount "99"]
[EventDate "2002.10.01"]
[EventType "tourn (corr)"]
[EventRounds "6"]
[EventCountry "USA"]
[SourceTitle "Corr 2011"]
[Source "ChessBase"]
[SourceDate "2010.08.31"]
[SourceVersion "1"]
[SourceVersionDate "2010.08.31"]
[SourceQuality "1"]

1. c4 e5 2. g3 Bc5 3. Bg2 Nf6 4. Nc3 d6 5. e3 Nc6 6. Nge2 Bf5 7. d4 exd4 8. exd4 Bb4 9. 0-0 Bxc3 10. Nxc3 0-0 11. Bg5 h6 12. Bxf6 Qxf6 13. Nd5 Qg5 14. Nxc7 Rac8 15. Nd5 Rce8 16. Ne3 Be4 17. d5 Nb4 18. Bxe4 Rxe4 19. Qb3 a5 20. a3 Na6 21. Qxb7 Nc5 22. Qb6 Qf6 23. b4 Nb3 24. Rad1 Nd4 25. bxa5 Rfe8 26. Rxd4 Rxd4 27. Nf5 Rd2 28. Nxd6 Ree2 29. a6 Rb2 30. Qc5 Rb8 31. a7 Ra8 32. Nb5 Qa6 33. d6 Qb7 34. Qc7 Qxc7 35. Nxc7 Rxa7 36. Rd1 Rb7 37. d7 Rb8 38. d8Q+ Rxd8 39. Rxd8+ Kh7 40. c5 Rc2 41. Na6 Kg6 42. Rd6+ Kf5 43. Rb6 Kg4 44. Kg2 Kf5 45. c6 Ke6 46. c7+ Kd7 47. Rb8 Rxc7 48. Nxc7 Kxc7 49. Rb1 Kc6 50. a4 1-0